| 000 | 01339nam a2200253Ii 4500 | ||
|---|---|---|---|
| 003 | JO-AjNU | ||
| 005 | 20240623113853.0 | ||
| 008 | 230605s9999||||xx |||||||||||||| ||und|| | ||
| 040 |
_aJO-AjNU _bara _erda _cJO-AjNU |
||
| 041 | _aara | ||
| 050 |
_aHG4529 _b2008 |
||
| 100 | 1 |
_aالزعبي، عبدالله بدر _964764 _eمعد |
|
| 245 | 0 |
_aمدى استخدام البنوك الاردنية لأساليب تقييم الاستثمارات الرأسمالية لغايات اتخاذ قرارات منح الائتمان = The Extent of Using Capital Investment Evaluation Techniques for Purposes of Credit Decisions by Jordanian Banks / _cاعداد عبدالله بدر الزعبي؛ اشراف تركي راجي الحمود |
|
| 260 | _c2008 | ||
| 300 | _a95ورقه | ||
| 336 |
_atext _btxt _2rdacontent |
||
| 337 |
_aunmediated _bn _2rdamedia |
||
| 338 |
_avolume _bnc _2rdacarrier |
||
| 500 | _aرسالة جامعية(ماجستير)-جامعة اليرموك(إربد، الأردن)، كلية الإقتصاد والعلوم الإدارية، قسم العلوم المالية والمصرفية، 2008. | ||
| 501 | _aتحتوي على ملاحق | ||
| 650 | 4 | 0 |
_aمحاسبة-استثمارات-البنوك-الاردن. _964766 |
| 700 | 1 |
_aالحمود، تركي راجي _964635 _eمشرف |
|
| 942 |
_2lcc _cTHS |
||
| 999 |
_c32973 _d32973 |
||